000 01913nam a2200349 i 4500
001 102780
003 ES-MaACL
007 t|
008 040708s2003 sp ||||0| spa d
024 8 _aNIPO 376-03-005-0
040 _aM-BN
_bspa
_cM-BN
080 _a657(083.74)
080 _a658(4-672 UE):504:657
080 _a657.632
080 _a657.6(460)
245 0 0 _aNormas internacionales de contabilidad adoptadas en el ámbito de la U.E [
_hRecurso electrónico]
_b: (publicado en DOCE de 13-10-2003).
260 _aMadrid :
_bInstituto de Contabilidad y Auditoría de Cuentas,
_c[2003]
300 _a1 disco (CD-ROM) :
_bcol ;
_c12 cm.
505 8 _aContiene: Contabilidad medioambiental : análisis de la recomendación europea y la resolución española / autores, Belén Senés García y Manuel Pedro Rodríguez Bolívar. Alisamiento del beneficio y manipulación de ajustes por devengo : análisis empírico en el contexto español / autora, Belén Gil de Albornoz Noguer. El informe de auditoría y su efecto sobre la decisión del cambio de auditor / autora, Nieves Gómez Aguilar
650 1 4 _aContabilidad-
_vNormas-
_vCD-ROM.
_911309
650 1 4 _aContabilidad ambiental-
_zPaíses de la Unión Europea-
_vCD-ROM
_913113
650 1 4 _aContabilidad-
_xPrácticas corruptas-
_vCD-ROM.
_911310
650 1 4 _aAuditoría-
_zEspaña-
_vCD-ROM.
_910414
700 1 _aSenés García, Belén.
_9105461
700 1 _aGil de Albornoz Noguer, Belén.
_956786
700 1 _aGómez Aguilar, Nieves.
_957807
740 0 _aContabilidad medioambiental : análisis de la recomendación europea y la resolución española.
740 0 _aAlisamiento del beneficio y manipulación de ajustes por devengo : análisis empírico en el contexto español.
740 3 _aEl informe de auditoría y su efecto sobre la decisión del cambio de auditor.
852 _aES-MaACL
_jROT 2/3/11
999 _c102780
_d102780